Hicks & Goo's cases and materials on company law / (Record no. 460)
| 000 -LEADER | |
|---|---|
| fixed length control field | 01233cam a2200337 a 4500 |
| 001 - CONTROL NUMBER | |
| control field | 16871348 |
| 005 - DATE AND TIME OF LATEST TRANSACTION | |
| control field | 20140116120828.0 |
| 008 - FIXED-LENGTH DATA ELEMENTS--GENERAL INFORMATION | |
| fixed length control field | 110714s2011 enk b 001 0 eng d |
| 020 ## - INTERNATIONAL STANDARD BOOK NUMBER | |
| International Standard Book Number | 9780199564293 |
| 035 ## - SYSTEM CONTROL NUMBER | |
| System control number | (OCoLC)ocn694832812 |
| 040 ## - CATALOGING SOURCE | |
| Original cataloging agency | BTCTA |
| Language of cataloging | eng |
| Transcribing agency | BTCTA |
| Modifying agency | YDXCP |
| -- | NLE |
| -- | CDX |
| -- | BWK |
| -- | LGG |
| -- | DLC |
| 042 ## - AUTHENTICATION CODE | |
| Authentication code | lccopycat |
| 043 ## - GEOGRAPHIC AREA CODE | |
| Geographic area code | e-uk--- |
| 050 00 - LIBRARY OF CONGRESS CALL NUMBER | |
| Classification number | KD2079.H53 2011 |
| 100 1# - MAIN ENTRY--PERSONAL NAME | |
| Personal name | Dignam, Alan J. |
| 245 10 - TITLE STATEMENT | |
| Title | Hicks & Goo's cases and materials on company law / |
| Statement of responsibility, etc | Alan Dignam |
| 246 1# - VARYING FORM OF TITLE | |
| Title proper/short title | Hicks and Goo's cases and materials on company law |
| 246 30 - VARYING FORM OF TITLE | |
| Title proper/short title | Cases and materials on company law |
| 250 ## - EDITION STATEMENT | |
| Edition statement | 7th ed. |
| 260 ## - PUBLICATION, DISTRIBUTION, ETC. (IMPRINT) | |
| Place of publication, distribution, etc | Oxford : |
| Name of publisher, distributor, etc | Oxford University Press, |
| Date of publication, distribution, etc | 2011. |
| 300 ## - PHYSICAL DESCRIPTION | |
| Extent | xxvi, 660 p. |
| 500 ## - GENERAL NOTE | |
| General note | Hick's name appears first on the earlier edition. |
| 504 ## - BIBLIOGRAPHY, ETC. NOTE | |
| Bibliography, etc | Includes bibliographical references and index. |
| 650 #0 - SUBJECT ADDED ENTRY--TOPICAL TERM | |
| Topical term or geographic name as entry element | Corporation law |
| Geographic subdivision | Great Britain. |
| 650 #0 - SUBJECT ADDED ENTRY--TOPICAL TERM | |
| Topical term or geographic name as entry element | Corporation law |
| Geographic subdivision | Great Britain |
| Form subdivision | Cases. |
| 700 1# - ADDED ENTRY--PERSONAL NAME | |
| Personal name | Hicks, Andrew. |
| Title of a work | Cases and materials on company law |
| 700 1# - ADDED ENTRY--PERSONAL NAME | |
| Personal name | Goo, S. H. |
| 906 ## - LOCAL DATA ELEMENT F, LDF (RLIN) | |
| a | 7 |
| b | cbc |
| c | copycat |
| d | 2 |
| e | ncip |
| f | 20 |
| g | y-gencatlg |
| 942 ## - ADDED ENTRY ELEMENTS (KOHA) | |
| Source of classification or shelving scheme | |
| Item type | Book |
| Withdrawn status | Lost status | Source of classification or shelving scheme | Damaged status | Not for loan | Home library | Current library | Shelving location | Date acquired | Source of acquisition | Total Checkouts | Full call number | Barcode | Date last seen | Date last borrowed | Copy number | Price effective from | Koha item type | Total Renewals |
|---|---|---|---|---|---|---|---|---|---|---|---|---|---|---|---|---|---|---|
| Riara University Library | Riara University Library | Short Loan | 20/10/2011 | Purchase | 7 | KD2079.H53 2011 | 438/11 | 27/03/2024 | 18/03/2024 | C.1 | 20/10/2011 | Book on Shortloan | ||||||
| Riara University Library | Riara University Library | 20/10/2011 | Purchase | 10 | KD2079.H53 2011 | 436/11 | 07/10/2024 | 26/09/2024 | C.2 | 20/10/2011 | Book | |||||||
| Riara University Library | Riara University Library | 20/10/2011 | Purchase | 6 | KD2079.H53 2011 | 437/11 | 26/03/2024 | 15/03/2024 | C.3 | 20/10/2011 | Book | 2 |
